The theory of functions of a real variable & the theory of Fourier's series

Αποθηκεύτηκε σε:
Λεπτομέρειες βιβλιογραφικής εγγραφής
Κύριος συγγραφέας: Hobson, Ernest William, 1856-1933
Μορφή: Βιβλίο
Γλώσσα:English
Δημοσίευση: New York : Dover Publications, 1957
Θέματα:
Ετικέτες: Προσθήκη ετικέτας
Δεν υπάρχουν, Καταχωρήστε ετικέτα πρώτοι!

MARC

LEADER 00000cam a2200000 i 4500
001 1/9116
008 100709m1957 eng d
035 |l 10108512 
040 |a GR-MY-UA  |b gre  |e aacr 
041 0 |a eng 
082 0 |a 515.8  |2 (22) 
100 1 |a Hobson, Ernest William,   |d 1856-1933. 
245 1 4 |a The theory of functions of a real variable & the theory of Fourier's series /  |c E. W. Hobson 
260 |a New York :   |b Dover Publications,   |c 1957 
300 |a 2 τ.;  |c 21 εκ. 
504 |a Περιέχουν ευρετήριο 
650 0 0 |a Functions of real variables. 
650 0 0 |a Integrals, Generalized. 
650 0 0 |a Fourier series. 
852 |a INST  |b SAMOS  |c MAG  |e 20100709  |h 515.8 HOD  |p 005300031543  |q 005300031543  |t BK  |v τ.1:  |y 0  |z τ.1 
852 |a INST  |b SAMOS  |c MAG  |e 20100709  |h 515.8 HOD  |p 005300031565  |q 005300031565  |t BK  |v τ.2:  |y 0  |z τ.2 
853 |a INST  |b SAMOS  |c MAG  |h 515.8 HOD 
901 |a BIBL3-2010-2 
909 |a Σ  |b 162625 
909 |a Σ  |b 162626 
970 |a ΣΙΤΖΙΜΗ  |b ΓΙΑΣΕΜΗ  |z 2010/07/09